| 000 | 00579nam a22001697a 4500 | ||
|---|---|---|---|
| 003 | OSt | ||
| 005 | 20171010095505.0 | ||
| 008 | 120808t xxu||||| |||| 00| 0 eng d | ||
| 040 |
_aMMSU _cULS |
||
| 100 |
_aLacar, Nenita S. _911909 |
||
| 245 |
_aThe Winged bean (Psophocarpus Tetragonolubus (L.) (D.C.): a rich source of protein _cNenita S. Lacar |
||
| 260 | _c1981 | ||
| 300 |
_axi, 66 leaves _c28 cm. |
||
| 500 | _aThesis (MAT-Vocational Education) -- Mariano Marcos State University-Graduate School, Laoag City | ||
| 504 | _aBibliography: leaves 59-60 | ||
| 942 |
_2ddc _cTHEDIS |
||
| 999 |
_c9675 _d9675 |
||